000 00555nam a2200229Ia 4500
003 OSt
005 20220918175311.0
006 a|||||r|||| 00| 0
007 ta
008 220917b |||||||| |||| 00| 0 eng d
024 _a16,538
037 _cTextual
040 _aARTS
_cARTS
_beng
041 _2eng
_aeng
082 _aO:1J71w, J9
100 _aBald R. C.
_941232
245 0 _aDonne and the Drurys
260 _c1959
650 _aENGLISH LITERATURE
942 _hO:1J71w, J9
_cTEXL
_2CC
999 _c156916
_d156916